Normal view
MARC view
Entry Personal Name
001 - CONTROL NUMBER
- control field: 51534
003 - CONTROL NUMBER IDENTIFIER
- control field: ARRUPE
005 - DATE AND TIME OF LATEST TRANSACTION
- control field: 20220511085246.0
008 - FIXED-LENGTH DATA ELEMENTS
- fixed length control field: 220511|| aca||aabn | a|a d
040 ## - CATALOGING SOURCE
- Original cataloging agency: ARRUPE
- Transcribing agency: ARRUPE
100 ## - HEADING--PERSONAL NAME
- Personal name: Helms, Hal McElwaine
670 ## - SOURCE DATA FOUND
- Source citation: Work cat.: (ARRUPE)131403: Augustine, of Hippo, Saint, 354-430. 44655, The confessions of St. Augustine :, c1986.